| 000 | 00000nam 2200000zi 4500 |
| 001 | 9.946353 |
| 003 | CaOODSP |
| 005 | 20250304091049 |
| 006 | m o d f |
| 007 | cr cn||||||||| |
| 008 | 241219t20252025qucb ob f000 0 eng d |
| 020 | |a9780660750255 |
| 040 | |aCaOODSP|beng|erda|cCaOODSP |
| 041 | 0 |aeng|beng|bfre |
| 043 | |an-cn--- |
| 086 | 1 |aFs97-18/388E-PDF |
| 100 | 1 |aLavoie, Diane, |eauthor. |
| 245 | 10|aBiogeochemical modelling at DFO : |boverview and recommendations of the biogeochemical modelling working group / |cDiane Lavoie, Corinne Bourgault-Brunelle, David Brickman, Olivia Gibb, Thomas Guyondet, Andrea Niemi, Angelica Peña, Hui Shen, and Nancy Soontiens. |
| 264 | 1|aMont-Joli, QC : |bFisheries and Oceans Canada, Maurice Lamontagne Institute, Pelagic and Ecosystemic Science Division, Quebec Region, Regional Sciences Branch, |c2025. |
| 264 | 4|c©2025 |
| 300 | |a1 online resource (viii, 62 pages) : |bmaps. |
| 336 | |atext|btxt|2rdacontent |
| 337 | |acomputer|bc|2rdamedia |
| 338 | |aonline resource|bcr|2rdacarrier |
| 490 | 1 |aCanadian technical report of hydrography and ocean sciences, |x1488-5417 ; |v388 |
| 504 | |aIncludes bibliographical references (pages 29-43). |
| 520 | 3 |a"Biogeochemical modelling systems can aid in the interpretation of changes observed in biogeochemical observational programs and uncover linkages between biogeochemical and physical spatial patterns. Biogeochemical models can also support the development of an ecosystem approach to marine resource management, adaptation to climate change, and the development of a blue economy. Thus, biogeochemical modelling is bound to play a key role in research, advice, service, and decision-making within Fisheries and Oceans Canada (DFO)"--Abstract, page vii. |
| 546 | |aIncludes abstracts in English and French. |
| 610 | 10|aCanada.|bDepartment of Fisheries and Oceans.|bQuebec Region.|bRegional Science Branch. |
| 610 | 16|aCanada. |bMinistère des pêches et des océans. |bRégion du Québec. |bDirection régionale des sciences. |
| 650 | 0|aBiogeochemistry|xResearch|zCanada. |
| 650 | 0|aOceanography|xResearch|zCanada. |
| 650 | 6|aBiogéochimie|xRecherche|zCanada. |
| 650 | 6|aOcéanographie|xRecherche|zCanada. |
| 710 | 2 |aMaurice Lamontagne Institute, |eissuing body. |
| 830 | #0|aCanadian technical report of hydrography and ocean sciences,|x1488-5417 ; |v388.|w(CaOODSP)9.504781 |
| 856 | 40|qPDF|s2.84 MB|uhttps://publications.gc.ca/collections/collection_2025/mpo-dfo/Fs97-18-388-eng.pdf |